|
|
|
|
| LEADER |
00000nam0a2200000 4500 |
| 001 |
67552 |
| 005 |
20231031073632.0 |
| 035 |
|
|
|a (RuTPU)RU\TPU\book\71920
|
| 090 |
|
|
|a 67552
|
| 100 |
|
|
|a 20040916d1983 k y0rusy50 ca
|
| 101 |
0 |
|
|a rus
|
| 102 |
|
|
|a RU
|
| 105 |
|
|
|a a z 001zy
|
| 200 |
1 |
|
|a Лазерная интерферометрия
|f В. П. Коронкевич, В. С. Соболев, Ю. Н. Дубнищев
|g Сибирское отделение АН СССР, Институт автоматики и электрометрии; Под ред. Ю. Е. Нестерихина
|
| 210 |
|
|
|a Новосибирск
|c Наука
|d 1983
|
| 215 |
|
|
|a 213 с.
|c ил.
|
| 320 |
|
|
|a Библиогр.: с. 205-212.
|
| 610 |
1 |
|
|a лазерная интерферометрия
|
| 610 |
1 |
|
|a теория
|
| 610 |
1 |
|
|a применение
|
| 610 |
1 |
|
|a лазерное излучение
|
| 610 |
1 |
|
|a лазерные приборы
|
| 610 |
1 |
|
|a интерферометры
|
| 675 |
|
|
|a 531.7
|v 3
|
| 700 |
|
1 |
|a Коронкевич
|b В. П.
|g Вольдемар Петрович
|
| 701 |
|
1 |
|a Соболев
|b В. С.
|g Виктор Сергеевич
|
| 701 |
|
1 |
|a Дубнищев
|b Ю. Н.
|g Юрий Николаевич
|
| 702 |
|
1 |
|a Нестерихин
|b Ю. Е.
|4 340
|
| 712 |
0 |
2 |
|a Академия наук СССР (АН СССР)
|b Сибирское отделение (СО)
|b Институт автоматики и электрометрии (ИАиЭ)
|c (Новосибирск)
|2 stltpush
|3 (RuTPU)RU\TPU\col\14705
|
| 801 |
|
1 |
|a RU
|b 63413507
|c 20040916
|g PSBO
|
| 801 |
|
2 |
|a RU
|b 63413507
|c 20151020
|g PSBO
|
| 942 |
|
|
|c BK
|